Normal view
MARC view
Entry Personal Name
001 - CONTROL NUMBER
- control field: 12651
003 - CONTROL NUMBER IDENTIFIER
- control field: OSt
005 - DATE AND TIME OF LATEST TRANSACTION
- control field: 20180604174949.0
008 - FIXED-LENGTH DATA ELEMENTS
- fixed length control field: 180604|| aca||aabn | a|a d
040 ## - CATALOGING SOURCE
- Original cataloging agency: OSt
- Transcribing agency: OSt
100 ## - HEADING--PERSONAL NAME
- Personal name: Marsden,E.Jerrold;Tromba,J.Anthony;
670 ## - SOURCE DATA FOUND
- Source citation: Work cat.: (OSt): Marsden,E.Jerrold;Tromba,J.Anthony;, Vector Calculus., 1996.
